| 000 | 00691nam a2200229 i 4500 | ||
|---|---|---|---|
| 001 | 140838 | ||
| 003 | ES-MaACL | ||
| 005 | 20230906200149.0 | ||
| 007 | t| | ||
| 008 | 070917s1968 sp ||||1| spa d | ||
| 080 | _a82-311.6"19" | ||
| 100 | 1 |
_aYerby, Frank. _9117621 |
|
| 245 | 1 | 3 |
_aLa canción de la cabra _b: (una canción de la antigua Grecia) / _cFrank Yerby ; [traducción de Josefina Guerrero]. |
| 250 | _a[1ª ed.]. | ||
| 260 |
_aBarcelona : _bPlaneta, _c[1968] |
||
| 300 |
_a556 p. ; _c22 cm. |
||
| 490 | 1 |
_aOmnibus ; _v58 |
|
| 700 | 1 |
_aGuerrero, Josefina. _960555 |
|
| 830 | 0 |
_aOmnibus ; _v58 _9177342 |
|
| 852 |
_aES-MaACL _jC-35009 _bR.68047 |
||
| 999 |
_c140838 _d140838 |
||